000 01001nam a22002057a 4500
999 _c57046
_d57046
003 Ge_BSU
005 20191031142254.0
008 191031s2018 ge ||||| |||| 00| 0 geo d
020 _a9789941960741
041 _ageo
080 _a341.176-2(4) თ-41
100 _aთებიძე, ჯაბა.
_916
245 _aევროპული კავშირის ინსტიტუციური სამართალი
_bსახელმძღვანელო /
_cჯაბა თებიძე ; სამეცნ. ხელმძღვ : რიჩარდ კრაალი.
264 _aთბილისი :
_bიურისტების სამყარო,
_c2018.
300 _a266 გვ. :
_bცხრ. ;
_c20 სმ.
653 _aსამართალი
653 _aევროკავშირი
700 _aკრაალი, რიჩარდ
_eსამეციერო ხელმძღვანელი
_95183
942 _2udc
_cBK